00882cam a22002771 4500001001300000003000400013005001700017008004100034010001700075035001900092040003100111042001200142050002000154060002400174060002000198082001400218130004200232245004200274260004800316300001400364500009300378500003900471650003500510710004200545999001700587med48000103 DLC20260227111609.0810815s1944 xx 000 0 eng  amed48000103  a(OCoLC)6941427 aDLCcDNLMdScUdOCoLCdDLC apremarc00aRA147b.A7 194400aWA 32 AS6bL4p 194400aFilm 2566 no. 1 a614.097570 aSouth Carolina. Laws, statutes, etc.10aPublic health laws of South Carolina. aColumbia, S.C.,bState Health Dept.,c1944. av, 163 p. a"Sections relating to public health taken from the 1942 Code of laws of South Carolina." aMicrofilmed for preservation5DNLM 0aPublic healthzSouth Carolina.2 aSouth Carolina State Board of Health. c38848d38848